LEADER 01104nam0 2200313 450 001 000020590 005 20081215145020.0 100 $a20081215g19729999km-y0itay50------ba 101 0 $aita 102 $aIT 105 $ay-------001yy 200 1 $a<>riforma tributaria$fISLE 210 $aMilano$cA. Giuffre$d1972- 215 $av.$d23 cm 225 2 $a<>pubblicazioni dell'ISLE$v44 327 1 $a1.: Imposta sul valore aggiunto (IVA) e imposta sul reddito delle persone fisiche$a2.: Imposta sul reddito delle persone giuridiche, aspetti attuali della finanza locale$a3.: Il contenzioso 410 0$12001$a<>pubblicazioni dell'ISLE 500 10$a<>riforma tributaria$947547 610 1 $aTributi$aLegislazione 610 1 $aItalia$aOrdinamento tributario$aRiforma 676 $a336$v18 710 02$aISLE$0416466 801 0$aIT$bUNIPARTHENOPE$c20081215$gRICA$2UNIMARC 912 $a000020590 951 $a323/47$b4433$cNAVA2$d2008 951 $a323/48$b4434$cNAVA2$d2008 951 $a323/49$b4435$cNAVA2$d2008 996 $aRiforma tributaria$947547 997 $aUNIPARTHENOPE